Teoría y problemas de espacio de estado y sistemas lineales

Saved in:
Bibliographic Details
Main Author: Wiberg, Donald M (Author)
Format: Book
Language:Spanish
Published: Ciudad de México McGraw-Hill 1973
Series:Compendios Schaum
Subjects:
Tags: Add Tag
No Tags, Be the first to tag this record!

MARC

LEADER 00000nam a2200000 a 4500
001 UCT1067
003 CL-VaPUC
008 960913e19730000MX |||||||||||||||||spa|d
082 0 4 |a 515.73  |b WIB  |2 21 
100 0 |a Wiberg, Donald M  |e author  |9 369817 
245 1 0 |a Teoría y problemas de espacio de estado y sistemas lineales 
300 |a 237 p 
942 |c BK 
945 |d 19960913 00:00:00  |a paguirre 
260 |a Ciudad de México  |b McGraw-Hill  |c 1973 
650 0 |a Álgebra vectorial   |9 269971 
650 0 |a Análisis  |9 259550 
650 0 |a Ecuaciones  |9 260137 
650 0 |a Matrices   |9 22 
650 0 |a Ecuaciones lineales   |9 342219 
583 |a last modification  |c 19960913 00:00:00  |k Rodrigo Vera 
490 0 |a Compendios Schaum 
999 |c 251735  |d 251733 
952 |0 0  |1 0  |4 0  |6 515_730000000000000_WIB_1973  |7 0  |8 A  |9 271099  |a BIBCUR  |b BIBCUR  |d 2019-11-19  |i 1746316  |o 515.73 WIB 1973  |p 1746316  |r 2025-04-22  |w 2019-11-19  |y BK  |k BCB 
952 |0 0  |1 0  |4 0  |6 515_730000000000000_WIB_1973  |7 0  |8 A  |9 271100  |a BIBCUR  |b BIBCUR  |d 2019-11-19  |i 1746324  |o 515.73 WIB 1973  |p 1746324  |r 2025-04-22  |w 2019-11-19  |y BK  |k BCB 
952 |0 0  |1 0  |4 0  |6 515_730000000000000_WIB_1973  |7 0  |8 A  |9 271101  |a BIBCUR  |b BIBCUR  |d 2019-11-19  |i 1746332  |o 515.73 WIB 1973  |p 1746332  |r 2025-04-22  |w 2019-11-19  |y BK  |k BCB 
952 |0 0  |1 0  |4 0  |6 515_730000000000000_WIB_1973  |7 0  |8 A  |9 271102  |a BIBMAT  |b BIBMAT  |d 2019-11-19  |i 1492160  |o 515.73 WIB 1973  |p 1492160  |r 2025-01-07  |w 2019-11-19  |y BK  |k MAT